Backseat Lovers Discography - Statistics

General Stats
  • This quiz has been taken 51 times
  • The average score is 18 of 26
Answer Stats
Hint Answer % Correct
When We Were Friends Kilby Girl
95%
Waiting to Spill Growing/Dying
91%
When We Were Friends Pool House
91%
Elevator Days Elevator Days
86%
When We Were Friends Olivia
86%
Waiting to Spill Snowbank Blues
86%
When We Were Friends Dugout
82%
When We Were Friends Maple Syrup
82%
When We Were Friends Sinking Ship
82%
Single Just a Boy
77%
Elevator Days Out of Tune
77%
Elevator Days Pictures
77%
When We Were Friends Watch Your Mouth
73%
When We Were Friends Davy Crochet
64%
When We Were Friends Intuition
64%
Elevator Days Still A Friend
64%
Waiting to Spill Viciously Lonely
64%
Elevator Days Address Your Letters
55%
Single Heavy
55%
Waiting to Spill Morning in the Aves
55%
Waiting to Spill Silhouette
55%
Waiting to Spill Words I Used
55%
Waiting to Spill Close Your Eyes
50%
Waiting to Spill Know Your Name
50%
Waiting to Spill Slowing Down
50%
Waiting to Spill Follow the Sound
45%
No matching quizzes found
Score Distribution
Percent of People with Each Score
Percentile by Number Answered
Your Score History
You have not taken this quiz